000 00351nam a2200145Ia 4500
008 230917s9999||||xx |||||||||||||| ||und||
040 _e146264
_aMAIN
041 _aEnglish
082 _a515.35 A35T
100 _aAkka, D G
245 0 _aTextbook of differential equations
260 _aNew Delhi
_bPhoenix
_c1999
300 _a390 p.
942 _cBK
999 _c101433
_d101433